000 00855nas a2200229 i 4500
005 20260409160711.0
008 260409d mr uu|j| |||| 00| 0 ara d
040 _aEG-GICUC
_cEG-GICUC
_dEG-GICUC
_erda
082 0 4 _a343.1
_221
245 0 2 _aالمجلة العربية للدفاع الاجتماعي.
_nالعدد الثامن 1978 /
264 0 1 _aالرباط :
_bالمنظمة العربية للدفاع الاجتماعي ضد الجريمة-جامعة الدول العربية،
_c1978 -
300 _aمجلد ؛
_c26 سم.
336 _2rda content
_aText
337 _2rda media
_aunmediated
338 _2rda carrier
_avolume
362 0 _a.
500 _aأكتوبر 1978.
650 _aالقانون الجنائي
_vدوريات
856 _uhttps://fll.law.cu.edu.eg/fulltext/cr/S10-00459.pdf
905 _a9
942 _2ddc
_cCR
_n0
999 _c69876
_d69876